Poesías completas

Tallennettuna:
Bibliografiset tiedot
Päätekijä: Herrera y Reissig, Julio (Tekijä)
Aineistotyyppi: Kirja
Kieli:espanja
Julkaistu: Buenos Aires Losada 1942
Aiheet:
Tagit: Lisää tagi
Ei tageja, Lisää ensimmäinen tagi!

MARC

LEADER 00000nam a2200000 a 4500
001 UCT8445
003 CL-VaPUC
008 970326e19420000AG |||||||||||||||||spa|d
082 0 4 |a Ur861  |b HER  |2 21 
100 |a Herrera y Reissig, Julio  |e author  |9 576799 
245 1 0 |a Poesías completas 
300 |a 301 p 
942 |c BK 
945 |d 19970326 00:00:00  |a rleighto 
260 |a Buenos Aires  |b Losada  |c 1942 
650 0 |a Poesías uruguayas   |9 268420 
583 |a last modification  |c 19970326 00:00:00  |k Rodrigo Vera 
999 |c 256942  |d 256940 
952 |0 0  |1 0  |4 0  |6 UR_861_000000000000000_HER_1942  |7 0  |8 A  |9 280107  |a BIBEDU  |b BIBEDU  |d 2019-11-19  |i 3295206  |o Ur861 HER 1942  |p 3295206  |r 2019-11-19  |w 2019-11-19  |y BK  |k LIT